| 000 | 00586nam a2200205Ia 4500 | ||
|---|---|---|---|
| 003 | OSt | ||
| 005 | 20231024152713.0 | ||
| 008 | 230104s9999||||xx |||||||||||||| ||und|| | ||
| 020 | _a9966497498 | ||
| 040 | _cChuka University Library | ||
| 050 |
_aPL 8704 _bM48 1999 |
||
| 100 |
_aMgullu, Richard S. _93249 |
||
| 245 | 0 | _aMTALAA WA ISIMU Fonetiki,Fonolojia na mofolojia ya kiswahili | |
| 260 |
_aNairobi _bLonghorn Publishers _c1999 |
||
| 300 | _a247p | ||
| 650 |
_aMtalaa wa isimu _913062 |
||
| 650 |
_aFonetiki _913063 |
||
| 650 |
_aFonolojia na Mofolojia _913064 |
||
| 942 |
_cBK _2lcc |
||
| 999 |
_c5027 _d5027 |
||